Factbook of science

Bibliographic Details
Format: Book
Published: London : Rainbow Books , 1993
Subjects:

MARC

LEADER 00000cam a2200000 7i4500
001 0000002505
002 000002729
005 20000330.0
020 |a 1871745071 
090 0 0 |a 500   |b FAC 
245 0 0 |a Factbook of science 
260 |a London :   |b Rainbow Books ,   |c 1993 
300 |a 232p. ;   |c 18cm. 
650 0 0 |a Science   |x Study and teaching 
999 |a 036211   |b BUKU   |c PINJAMAN   |e PERPUSTAKAAN KOMUNITI PETALING JAYA